Cosmology and astrophysics through problems

Gespeichert in:
Bibliographische Detailangaben
1. Verfasser: Padmanabhan, T. (Thanu) (VerfasserIn)
Format: Buch
Sprache:Englisch
Veröffentlicht: Cambridge Cambridge University 1996
Schlagworte:
Tags: Tag hinzufügen
Keine Tags, Fügen Sie den ersten Tag hinzu!

MARC

LEADER 00000nam a2200000 a 4500
001 UCR7045
003 CL-VaPUC
008 980430e19960000uk |||||||||||||||||eng|d
082 0 4 |a 523.1  |b PAD  |2 21 
100 |a Padmanabhan, T.  |q (Thanu)  |e author  |9 480893 
245 1 0 |a Cosmology and astrophysics through problems 
300 |a 486 p 
942 |c BK 
945 |d 19980430 00:00:00  |a rbrito 
260 |a Cambridge  |b Cambridge University  |c 1996 
650 0 |a Cosmología  |9 269138 
650 0 |a Astrofísica  |9 269137 
650 7 |a FLUIDOS MECANICOS  |2 CL-VaPUC  |9 355238 
650 0 |a Radiación  |9 259874 
650 0 |a Relatividad  |9 269977 
583 |a last modification  |c 20130806 06:23:43  |k Rodrigo Vera 
999 |c 268899  |d 268897 
952 |0 0  |1 0  |4 0  |6 523_100000000000000_PAD_1996  |7 0  |8 A  |9 302363  |a BIBCUR  |b BIBCUR  |d 2019-11-20  |i 3422674  |l 1  |o 523.1 PAD 1996  |p 3422674  |r 2025-04-22  |s 2025-03-17  |w 2019-11-20  |y BK  |k FIS